000 00363nam a22001217a 4500
999 _c115
_d115
005 20200811155810.0
008 200810b ||||| |||| 00| 0 eng d
020 _a094559406
040 _cCML
245 _aMillion Now Living will Never Die.
_cRogerson, A.
260 _aLondon
_bConstable & Co Ltd.
_c1969
942 _2ddc
_cBK
_e1st Edition
_h261
_mROG